LEADER 01178nam a2200289 i 4500 001 991003137209707536 005 20021205125950.0 008 020117s|||| fr ||| | fre 035 $ab11759859-39ule_inst 035 $aLE01283382$9ExL 040 $aDip.to Lingue$bita 100 1 $aBaylon, Christian$0202842 245 10$aGrammaire systématique de la langue francaise :$bavec des travaux pratiques d'application et leurs corrigés /$cChristian Baylon, Paul Fabre ; préface de Gérard Moignet 250 $a2 ed. revue et corrigée 260 $aParis :$bNathan,$cc1978 300 $a286 p. ;$c21 cm. 490 0 $aNathan-Université 650 4$aGrammatica francese 650 4$aLingua francese - Grammatica 700 1 $aFabre, Paul$eauthor$4http://id.loc.gov/vocabulary/relators/aut$0182038 700 1 $aMoignet, Gérard 907 $a.b11759859$b27-04-17$c05-12-02 912 $a991003137209707536 945 $aLE012 445 BAY 2$g1$i2012000030985$lle012$o-$pE0.00$q-$rl$s- $t0$u2$v1$w2$x0$y.i12005010$z05-12-02 996 $aGrammaire systématique de la langue française$9446496 997 $aUNISALENTO 998 $ale012$b01-01-02$cm$da $e-$ffre$gfr $h0$i1